-I Demonyms - Statistics

General Stats
  • This quiz has been taken 53 times
  • The average score is 10 of 17
Answer Stats
Answer % Correct
Qatari
84%
Pakistani
82%
Iraqi
80%
Omani
78%
Yemeni
76%
Israeli
71%
Azeri
69%
Bahraini
67%
Kuwaiti
67%
Saudi
65%
Emirati
51%
Bangladeshi
49%
Somali
49%
Thai
47%
Nepali
45%
Swazi
16%
I-Kiribati
12%
No matching quizzes found
Score Distribution
Percent of People with Each Score
Percentile by Number Answered
Your Score History
You have not taken this quiz